The economics of the transportation firm

Sparad:
Bibliografiska uppgifter
Huvudupphovsman: Kneafsey, James T.
Materialtyp: Bok
Språk:Undetermined
Publicerad: Washington Lexington Books 1974
Ämnen:
Taggar: Lägg till en tagg
Inga taggar, Lägg till första taggen!
Thư viện lưu trữ: Trung tâm Học liệu Trường Đại học Cần Thơ
LEADER 00524nam a2200193Ia 4500
001 CTU_83593
008 210402s9999 xx 000 0 und d
082 |a 380.5 
082 |b K16 
100 |a Kneafsey, James T. 
245 4 |a The economics of the transportation firm 
245 0 |c James T. Kneafsey 
260 |a Washington 
260 |b Lexington Books 
260 |c 1974 
650 |a Transportation 
650 |z United States 
904 |i Qhieu(sửa) 
980 |a Trung tâm Học liệu Trường Đại học Cần Thơ